Lacrosse Positions - Statistics

General Stats
  • This quiz has been taken 494 times
  • The average score is 6 of 8
Answer Stats
Hint Answer % Correct
Scores Attack
97%
Saves the Ball Goalie
96%
Lots of Running D - Middy
91%
Less Running but Scores O - Middy
90%
Helps the Goalie Defense
88%
Extra D Long Stick Middy
74%
Gains or Loses Possesion FOGO
71%
Small, Fast, Strong Short Stick Middy
11%
No matching quizzes found
Score Distribution
Percent of People with Each Score
Percentile by Number Answered
Your Score History
You have not taken this quiz